000 00559cam a22002053a 4500
001 38406
003 PGUSA
005 20140828083839.0
008 111225s2011||||xxu|||||s|||||000 | eng d
040 _aPGUSA
_beng
042 _adc
100 1 _aFrith, Henry,
_d1840-
245 1 0 _aIn the Yellow Sea
_h[electronic resource] /
_cHenry Frith
260 _bProject Gutenberg,
_c2011
506 _aPublic domain in the USA.
516 _aElectronic text
830 0 _aProject Gutenberg
_v38406
856 4 0 _uhttp://www.gutenberg.org/ebooks/38406
942 _cEB
999 _c267660
_d267660